000 00573nam a22001577a 4500
005 20251108164054.0
008 250721s1990 xx 000 0 ara d
082 1 4 _a001.94/ناد
100 1 _aعبد الرحمن، ناديه فريد
245 1 0 _aعجائب الدنيا السبع و أشهر المعالم و المشاهد العالميه قديماً و حديثاً /
264 1 _aالقاهرة :
_bمكتية ابن سينا للنشروالتوزيع،
_c1990.
300 _a96ص.
650 1 7 _aعجائب و غرائب
942 _2ddc
_cBK
999 _c2880
_d2880